A culture of teaching : early modern humanism in theory and practice

Αποθηκεύτηκε σε:
Λεπτομέρειες βιβλιογραφικής εγγραφής
Κύριος συγγραφέας: Bushnell, Rebecca W. 1952-
Μορφή: Βιβλίο
Γλώσσα:English
Δημοσίευση: Ithaca : Cornell University Press, 1996
Θέματα:
Ετικέτες: Προσθήκη ετικέτας
Δεν υπάρχουν, Καταχωρήστε ετικέτα πρώτοι!

MARC

LEADER 00000nam a2200000 i 4500
001 1/84095
008 990621s1996 eng d
020 |a 0-8014-8356-5 
035 |l 10051524 
040 |a GR-MY-UA  |b gre  |e aacr 
041 0 |a eng 
082 0 |a 372.11209420 
100 1 |a Bushnell, Rebecca W.  |d 1952- 
245 1 2 |a A culture of teaching :  |b early modern humanism in theory and practice /  |c Rebecca W. Bushnell 
260 |a Ithaca :   |b Cornell University Press,   |c 1996 
300 |a 210 p. 
650 0 0 |a Education, Humanistic  |z England  |x History  |y 16th century. 
650 0 0 |a Teaching  |z England  |x History  |y 16th century. 
852 |a INST  |b RHODES  |e 19990621  |h 372.11209420 BUS  |p 005400014752  |q 005400014752  |t BK  |y 0 
901 |a BIBL4-1999-2 
909 |a Ρ  |b 066158  |c 1999 
922 |a 4ΕΛΗ  |b 199906  |c ΚΠΣ/154  |d LEADER 
970 |a ΚΟΥΛΙΑΚΙΩΤΗ  |b ΕΥΑΓΓΕΛΙΑ  |z 19990621